ბათუმის შოთა რუსთაველის სახელმწიფო უნივერსიტეტის ბიბლიოთეკა

Harrison's endocrinology / (ბიბ.ჩანაწერი № 57596)

000 -LEADER
fixed length control field 01612cam a22004458i 4500
001 - CONTROL NUMBER
control field 18972891
005 - DATE AND TIME OF LATEST TRANSACTION
control field 20221105215054.0
008 - FIXED-LENGTH DATA ELEMENTS--GENERAL INFORMATION
fixed length control field 160209s2017 nyu b 001 0 eng
010 ## - LIBRARY OF CONGRESS CONTROL NUMBER
LC control number 2016006309
020 ## - INTERNATIONAL STANDARD BOOK NUMBER
International Standard Book Number 9781259835728 (pbk. : alk. paper) 1
020 ## - INTERNATIONAL STANDARD BOOK NUMBER
International Standard Book Number 1259835723 (pbk. : alk. paper) 1
035 ## - SYSTEM CONTROL NUMBER
System control number (DNLM)101676503
040 ## - CATALOGING SOURCE
Original cataloging agency DNLM/DLC
Description conventions rda
Transcribing agency DLC
041 ## - LANGUAGE CODE
Language code of text/sound track or separate title eng
042 ## - AUTHENTICATION CODE
Authentication code pcc
050 00 - LIBRARY OF CONGRESS CALL NUMBER
Classification number RC648
060 10 - NATIONAL LIBRARY OF MEDICINE CALL NUMBER
Classification number WK 140
080 ## - UNIVERSAL DECIMAL CLASSIFICATION NUMBER
Universal Decimal Classification number 616.4 H-23
082 00 - DEWEY DECIMAL CLASSIFICATION NUMBER
Classification number 616.4
Edition number 23
245 00 - TITLE STATEMENT
Title Harrison's endocrinology /
Statement of responsibility, etc. editor, J. Larry Jameson.
246 1# - VARYING FORM OF TITLE
Title proper/short title Endocrinology
250 ## - EDITION STATEMENT
Edition statement Fourth edition.
263 ## - PROJECTED PUBLICATION DATE
Projected publication date 1609
264 #1 - PRODUCTION, PUBLICATION, DISTRIBUTION, MANUFACTURE, AND COPYRIGHT NOTICE
Place of production, publication, distribution, manufacture New York :
Name of producer, publisher, distributor, manufacturer McGraw-Hill Education Medical,
Date of production, publication, distribution, manufacture, or copyright notice [2017]
300 ## - PHYSICAL DESCRIPTION
Extent 598 p. ;
Dimensions 30 cm.
336 ## - CONTENT TYPE
Content type term text
Source rdacontent
337 ## - MEDIA TYPE
Media type term unmediated
Source rdamedia
338 ## - CARRIER TYPE
Carrier type term volume
Source rdacarrier
500 ## - GENERAL NOTE
General note Contained in: Harrison's principles of internal medicine. 19th ed. [2015].
504 ## - BIBLIOGRAPHY, ETC. NOTE
Bibliography, etc. note Includes bibliographical references and index.
650 12 - SUBJECT ADDED ENTRY--TOPICAL TERM
Topical term or geographic name entry element Endocrine System Diseases
9 (RLIN) 9171
650 22 - SUBJECT ADDED ENTRY--TOPICAL TERM
Topical term or geographic name entry element Metabolic Diseases
9 (RLIN) 8813
653 ## - INDEX TERM--UNCONTROLLED
keyword მედიცინა
653 ## - INDEX TERM--UNCONTROLLED
keyword ენდოკრინოლოგია
700 1# - ADDED ENTRY--PERSONAL NAME
Personal name Jameson, J. Larry,
Relator term რედაქტორი
9 (RLIN) 9172
730 0# - ADDED ENTRY--UNIFORM TITLE
Uniform title Harrison's principles of internal medicine.
Version 19th edition.
Relationship information Contained in (expression):
9 (RLIN) 8353
776 08 - ADDITIONAL PHYSICAL FORM ENTRY
Relationship information Online version:
Title Harrison's endocrinology
Edition Fourth edition.
Place, publisher, and date of publication New York : McGraw-Hill Education Medical, [2017]
International Standard Book Number 9781259835735
Record control number (DLC) 2016007362
906 ## - LOCAL DATA ELEMENT F, LDF (RLIN)
a 7
b cbc
c orignew
d 1
e ecip
f 20
g y-gencatlg
942 ## - ADDED ENTRY ELEMENTS (KOHA)
Source of classification or shelving scheme
Koha item type წიგნი
ეგზემპლარები
Withdrawn status Lost status Source of classification or shelving scheme Damaged status Not for loan Permanent Location Current Location Shelving location Date acquired Cost, normal purchase price Full call number Barcode Date last seen Copy number Price effective from Koha item type Public note
          ბათუმის შოთა რუსთაველის სახელმწიფო უნივერსიტეტის მთავარი ბიბლიოთეკა ბათუმის შოთა რუსთაველის სახელმწიფო უნივერსიტეტის მთავარი ბიბლიოთეკა წიგნსაცავი 2020-08-12 240.00 616.4 H-23 60799 2020-08-12 60799 2020-08-12 წიგნი 240 ლ.